The Raven - Edgar Allan Poe - Statistics

General Stats
  • This quiz has been taken 850 times
  • The average score is 73 of 176
Answer Stats
Answer % Correct
and take thy form from off my {door}!”
90%
entrance at my chamber {door}—
90%
entrance at my chamber {door};—
90%
—here I opened wide the {door};—
90%
just above my chamber {door}—
90%
Only this and nothing {more}.”
90%
perched above my chamber {door}—
90%
—quit the bust above my {door}!
90%
rapping at my chamber {door}.
90%
“tapping at my chamber {door}—
90%
tapping at my chamber {door},
90%
while I pondered, weak and {weary},
84%
Once upon a midnight {dreary},
82%
and so gently you came {rapping},
77%
As of someone gently {rapping},
77%
Meant in croaking “{Nevermore}.”
77%
Of ‘Never—{nevermore}’.”
77%
Shall be lifted—{nevermore}!
77%
She shall press, ah, {nevermore}!
77%
Then the bird said “{Nevermore}.”
77%
With such name as “{Nevermore}.”
77%
And so faintly you came {tapping},
75%
Soon again I heard a {tapping}
75%
suddenly there came a {tapping},
75%
Ghastly grim and ancient {Raven}
74%
In there stepped a stately {Raven}
74%
volume of forgotten {lore}—
72%
But the fact is I was {napping},
71%
While I nodded, nearly {napping},
71%
and forget this lost {Lenore}!”
70%
from thy memories of {Lenore};
70%
murmured back the word, “{Lenore}!”—
70%
—sorrow for the lost {Lenore}—
70%
was the whispered word, “{Lenore}?”
70%
whom the angels name {Lenore}—
70%
whom the angels name {Lenore}.”
70%
Ah, distinctly I {remember}
69%
as my Hopes have flown {before}.”
65%
ever dared to dream {before};
65%
“Other friends have flown {before}—
65%
somewhat louder than {before}.
65%
terrors never felt {before};
65%
that lies floating on the {floor}
64%
throws his shadow on the {floor};
64%
tinkled on the tufted {floor}.
64%
wrought its ghost upon the {floor}.
64%
it was in the bleak {December};
63%
And each separate dying {ember}
60%
Nameless here {forevermore}.
60%
’Tis the {wind} and nothing more!”
57%
“Sir,” said I, “or {Madam},
56%
—tell me—tell me, I {implore}!”
52%
—tell me truly, I {implore}—
52%
truly your forgiveness I {implore};
52%
From my books surcease of {sorrow}
50%
gaunt, and ominous bird of {yore}
50%
of the saintly days of {yore};
50%
what this ominous bird of {yore}—
50%
on the placid bust, spoke {only}
49%
Clasp a rare and radiant {maiden}
48%
For the rare and radiant {maiden}
48%
It shall clasp a sainted {maiden}
48%
rustling of each purple {curtain}
48%
{Darkness} there and nothing more.
47%
Eagerly I wished the {morrow};
47%
and the Night’s Plutonian {shore}!
46%
on the Night’s Plutonian {shore}!”
46%
So that now, to still the {beating}
46%
Till I scarcely more than {muttered}
46%
“’Tis some visitor,” I {muttered},
46%
wandering from the Nightly {shore}—
46%
—vainly I had sought to {borrow}
45%
hesitating then no {longer},
44%
But, with mien of lord or {lady},
42%
when, with many a flirt and {flutter},
42%
Presently my soul grew {stronger};
40%
On the pallid bust of {Pallas}
39%
Perched upon a bust of {Pallas}
39%
Open here I flung the {shutter},
38%
And the only word there {spoken}
36%
by reply so aptly {spoken},
36%
Let my heart be still a {moment}
36%
of that lie thy soul hath {spoken}!
36%
{Quoth the Raven “Nevermore.”}
36%
—little relevancy {bore};
35%
that melancholy burden {bore}
35%
This I whispered, and an {echo}
35%
till his songs one burden {bore}—
35%
Deep into that darkness {peering},
34%
Some late visitor {entreating}
34%
“Though thy crest be shorn and {shaven},
34%
“’Tis some visitor {entreating}
34%
and the stillness gave no {token},
33%
But the silence was {unbroken},
33%
Leave my loneliness {unbroken}!
33%
Leave no black plume as a {token}
33%
thou,” I said, “art sure no {craven},
33%
And the silken, sad, {uncertain}
31%
of my heart, I stood {repeating}
31%
all my soul within me {burning},
30%
and this mystery {explore}—
30%
and this mystery {explore};—
30%
of the countenance it {wore},
30%
Back into the chamber {turning},
29%
long I stood there wondering, {fearing},
29%
that no living human {being}
29%
—prophet still, if bird or {devil}!—
28%
—prophet still, if bird or {devil}!
28%
something at my window {lattice};
28%
all my fancy into {smiling},
27%
But the Raven still {beguiling}
27%
my sad fancy into {smiling},
27%
Then this ebony bird {beguiling}
27%
“Prophet!” said I, “thing of {evil}!
26%
Nothing farther then he {uttered}
24%
That one word, as if his {soul}
24%
is its only stock and {store}
23%
—not a feather then he {fluttered}—
23%
Not the least {obeisance} made he;
22%
Startled at the stillness {broken}
22%
Though its answer little {meaning}
22%
Ever yet was blessed with {seeing}
21%
fowl to hear discourse so {plainly},
21%
still is sitting, still is {sitting}
21%
Take thy beak from out my {heart},
21%
Then, methought, the air grew {denser},
21%
burned into my bosom’s {core};
20%
Caught from some unhappy {master}
20%
{This it is} and nothing more.”
20%
of a demon’s that is {dreaming},
19%
whom unmerciful {disaster}
19%
But the Raven, sitting {lonely}
18%
By the grave and stern {decorum}
18%
Followed fast and followed {faster}
18%
in that one word he did {outpour}.
18%
that the lamp-light gloated {o’er},
18%
with the lamp-light gloating {o’er},
18%
—by that God we both {adore}—
17%
Fancy unto fancy, {thinking}
17%
Much I marvelled this {ungainly}
17%
“Be that word our sign of {parting},
16%
Is there—is there {balm} in Gilead?
16%
perfumed from an unseen {censer}
16%
And my soul from out that {shadow}
15%
And the Raven, never {flitting},
15%
Straight I wheeled a cushioned {seat}
15%
But whose velvet-violet {lining}
14%
For we cannot help {agreeing}
14%
On the cushion’s velvet {lining}
14%
Quaff, oh quaff this kind {nepenthe}
13%
Respite—respite and {nepenthe}
13%
Tell this soul with sorrow {laden}
13%
And his eyes have all the {seeming}
12%
tempest tossed thee here {ashore},
12%
Then, upon the velvet {sinking},
12%
with my head at ease {reclining}
12%
bird or fiend!” I shrieked, {upstarting}—
11%
but no syllable {expressing}
11%
I betook myself to {linking}
11%
Bird or beast upon the {sculptured}
10%
“Doubtless,” said I, “what it {utters}
10%
This I sat engaged in {guessing},
10%
Till the dirges of his {hope}
10%
What this grim, ungainly, {ghastly},
10%
And the lamp-light o’er him {streaming}
9%
“Get thee back into the {tempest}
9%
On this home by Horror {haunted}
9%
This and more I sat {divining},
9%
Desolate yet all {undaunted},
7%
on this desert land {enchanted}—
7%
No matching quizzes found
Score Distribution
Percent of People with Each Score
Percentile by Number Answered
Your Score History
You have not taken this quiz